| 000 | 00711nam a2200229 a 4500 | ||
|---|---|---|---|
| 001 | 58751 | ||
| 003 | BD-RjUL | ||
| 005 | 20211209080644.0 | ||
| 008 | 161219s1980 ii ||||| |||| 00| 0 eng d | ||
| 020 | _a0819112755 (case) | ||
| 020 | _a0819107859 (perfect) | ||
| 035 | _a(BD-RjUL)58875 | ||
| 040 |
_aBD-RjUL _beng _cBD-RjUL |
||
| 041 | _aeng | ||
| 082 |
_223 _a153.15 _bHOP 1980 |
||
| 100 |
_aHoward, Robert _9174640 |
||
| 245 | 1 | 0 |
_aPerformance in a world of change : _bperspective on learning environments / _c Robert Howard |
| 260 |
_aWashington : _bUniversity Press of America, _c©1980 |
||
| 300 |
_a200 p. : _bill. ; _c23 cm. |
||
| 650 |
_aLearning, Psychology of. _9174641 |
||
| 942 |
_2ddc _cBK |
||
| 999 |
_c58751 _d58751 |
||